Hospodářský partner Rakousko

Na minha lista:
Detalhes bibliográficos
Autor principal: Lampert, Wolfgang
Formato: Livro
Idioma:tcheco
Publicado em: Praha Linde 1991
Edição:1. vyd.
Tags: Adicionar Tag
Sem tags, seja o primeiro a adicionar uma tag!

MARC

LEADER 00000nam a2200000 4500
001 c024206
005 20221206114636.4
041 0 |a cze 
044 |a CZ 
245 1 0 |a Hospodářský partner Rakousko  |c Wolfgang Lampert 
250 |a 1. vyd. 
264 1 |a Praha  |b Linde  |c 1991 
300 |a 186 s. 
100 1 |a Lampert, Wolfgang